| 000 | 01127nam a22002777a 4500 | ||
|---|---|---|---|
| 005 | 20240530110341.0 | ||
| 008 | 141110s2010 ua a fr 000 0aara d | ||
| 017 |
_a14066/2010 _2مصر . دار الكتب المصرية |
||
| 040 | _aEG-CaGPL | ||
| 082 | 0 | 4 |
_221 _a531.6\ _bم م |
| 100 | 0 |
_aمحمد عبدالرحمن سلامة _eمعد |
|
| 245 | 1 |
_aمائة سؤال وجواب فى الطاقة / _cاعداد محمد عبدالرحمن سلامة |
|
| 260 |
_aالقاهرة : _bاكاديمية البح العلمى والتكنولوجيا ، _c2010 |
||
| 300 |
_a139 ص : _bايض ؛ _c24 سم |
||
| 490 | _aسلسلة مائة سؤال وجواب | ||
| 650 | 0 | 4 | _aالميكانيكا |
| 650 | 0 | 4 |
_aالطاقة _xحفظ |
| 650 | 0 | 4 | _aالطاقة الحرارية |
| 650 | 0 | 4 | _aالطاقة الذرية |
| 650 | 0 | 4 | _aالطاقة الشمسية |
| 650 | 0 | 4 | _aالطاقة الاشعاعية |
| 650 | 0 | 4 | _aالطاقة النووية |
| 650 | 0 | 4 | _aالطاقة الكهرومائية |
| 942 |
_2ddc _cBK |
||
| 999 |
_c59875 _d59875 |
||